Plant breeding reviews. V 17 (Record no. 41711)
[ view plain ]
| 000 -LEADER | |
|---|---|
| fixed length control field | 00317nam a2200121Ia 4500 |
| 082 ## - DEWEY DECIMAL CLASSIFICATION NUMBER | |
| Classification number | 575:631.52 |
| Item number | PLA.17 |
| 245 #0 - TITLE STATEMENT | |
| Title | Plant breeding reviews. V 17 |
| 260 ## - PUBLICATION, DISTRIBUTION, ETC. (IMPRINT) | |
| Place of publication | New York |
| Name of publisher | John Wiley |
| Year of publication | 2000 |
| 490 ## - SERIES STATEMENT | |
| Series statement | Hybrid rice genetics |
| 700 ## - ADDED ENTRY--PERSONAL NAME | |
| Personal name | Janick, Jules |
| 942 ## - ADDED ENTRY ELEMENTS (KOHA) | |
| Koha item type | Books |
| Withdrawn status | Lost status | Damaged status | Not for loan | Home library | Current library | Date acquired | Cost, normal purchase price | Full call number | Accession Number | Koha item type |
|---|---|---|---|---|---|---|---|---|---|---|
| RRII Library | RRII Library | 16/12/2021 | 180.00 | 575:631.52 PLA.17 | 21997 | Books |